000 01013nam a2200277Ia 4500
003 GCL
008 140319s9999 xx 000 0 ara d
040 _aGCL /
_cGCL
082 0 4 _a191
_bم ا
100 1 _aرفاعة رافع الطهطاوى
245 1 0 _aاصول الفكر العربى الحديث عند الطهطاوى :
_bمع النص الكامل لكتابة تخليص الابريز /
_cرفاعة رافع الطهطاوى
700 1 _aمحمود فهمى حجازى
260 _aالقاهرة :
_bدار الفكر العربى
300 _a522 ص ؛
_c24 سم
490 _a
650 0 4 _aمصر
650 0 4 _aالفلسفة
650 0 4 _aالاحوال الاجتماعية
650 0 4 _aالفلسفة العربية
650 0 4 _aالثقافة
650 0 4 _aالاحوال الثقافية
650 0 4 _aالتنوير
650 0 4 _aمصر - تاريخ - العصر الحديث - عصر محمد على ( 1805- 1849 م )
650 0 4 _aباريس
942 _2ddc
_cBK
999 _c33209
_d33209